Statistics for Σημαίες χωρών που αρχίζουν με Ε

Click here to take the quiz!

General Stats

  • This quiz has been taken 13 times
  • The average score is 5 of 7

Answer Stats

Answer% Correct
Ελλάδα
100%
Ελβετία
100%
Ελ Σαλβαδόρ
83%
Εσθονία
83%
Ενωμένα Αραβικά Εμιράτα
50%
Ερυθραία
50%
Εσουατίνι
42%

Score Distribution

Percentile by Number Answered

Percent of People with Each Score

Your Score History

You have not taken this quiz